思路決定出路大全集 Si lu jue ding chu lu da quan ji = Mentality Determines Outlet {ch} / (Record no. 29041)
[ view plain ]
| 000 -LEADER | |
|---|---|
| fixed length control field | 00593nam a22001697a 4500 |
| 005 - DATE AND TIME OF LATEST TRANSACTION | |
| control field | 20180419165456.0 |
| 008 - FIXED-LENGTH DATA ELEMENTS--GENERAL INFORMATION | |
| fixed length control field | 121205b cc ||||| |||| 00| 0 chi d |
| 020 ## - INTERNATIONAL STANDARD BOOK NUMBER | |
| International Standard Book Number | 9787511303035 |
| 020 ## - INTERNATIONAL STANDARD BOOK NUMBER | |
| International Standard Book Number | 751130303X |
| 100 ## - MAIN ENTRY--PERSONAL NAME | |
| Personal name | 宿春禮 邢群麟 Su Chun Li |
| 245 ## - TITLE STATEMENT | |
| Title | 思路決定出路大全集 Si lu jue ding chu lu da quan ji = Mentality Determines Outlet {ch} / |
| Statement of responsibility, etc | 宿春禮 邢群麟 Chun li Su Qun lin Xing |
| 260 ## - PUBLICATION, DISTRIBUTION, ETC. (IMPRINT) | |
| Place of publication, distribution, etc | 中國 China : |
| Name of publisher, distributor, etc | 中國華僑出版社, |
| Date of publication, distribution, etc | 2010. |
| 300 ## - PHYSICAL DESCRIPTION | |
| Extent | 2,10, 423 p. ; |
| Dimensions | 29 cm. |
| 650 ## - SUBJECT ADDED ENTRY--TOPICAL TERM | |
| Topical term or geographic name as entry element | Philosophy {ch} |
| 700 ## - ADDED ENTRY--PERSONAL NAME | |
| Personal name | Xing Qun Lin |
| 942 ## - ADDED ENTRY ELEMENTS (KOHA) | |
| Source of classification or shelving scheme | Library of Congress Classification |
| Item type | Books |
| Koha issues (borrowed), all copies | 2 |
| Withdrawn status | Lost status | Source of classification or shelving scheme | Damaged status | Not for loan | Home library | Current library | Shelving location | Date acquired | Accession number | Total Checkouts | Total Renewals | Full call number | Barcode | Date last seen | Date last borrowed | Price effective from | Koha item type |
|---|---|---|---|---|---|---|---|---|---|---|---|---|---|---|---|---|---|
| Library of Congress Classification | BSOP Library | BSOP Library | Chinese Books (General Circulation) | 12/10/2012 | C-11312 | 2 | 1 | B52 Xi4 2010 | 00042329 | 05/09/2018 | 04/19/2018 | 02/23/2013 | Books |
